000 01304nam a2200337 c 4500
003 BLK
005 20180422115054.0
008 180411b bul|||||r ||||||| ||bul||
010 _aKNG00189015000
020 _a978-954-09-1067-3
_bиздат.: Захарий Стоянов
040 _aBLK
041 _aBUL
_cBUL
072 7 _2bullib
_aН84
_xБългарска художествена литература Н
080 _aБългарска литература
_b821.163.2
_x-92
_z821.163.2-92
700 1 _aВасилев, Крум
_e*
_gНачев, Крум Василев
_9373778
100 1 _aНачев, Крум Василев
_eпърви автор
_9383291
139 _aВасилев, Крум
_bВ 24
245 1 0 _aДа на истината!
_c* Крум Василев; Крум Василев Начев.
257 _aBGR
260 София
_bЗахарий Стоянов
_c2016
300 _a212 с.
_c20 см
380 _aX
500 _aПълното име на авт. е Крум Василев Начев.
653 _aпублицистика
659 _aН
852 _aЦб 281401
856 4 _qpdf
_u
856 4 _qpdf
_u
942 _cKNG
_n0
944 _aCR
_c01.07.2016
_lф /
_kВиолета_Тройчева
944 _aED
_c08.12.2016
_lф /
_kЛюдмила_Стоянова
999 _c180182
_d180182